[Event "Biel"]
[Site "Biel SUI"]
[Date "1998.??.??"]
[Round "1"]
[White "Bagirov, Rufat"]
[Black "Pelletier, Yannick"]
[Result "1/2-1/2"]
[WhiteElo "2325"]
[BlackElo "2515"]
[PlyCount "48"]
[EventDate "1998.??.??"]
[EventType "tourn"]
[EventRounds "11"]
[EventCountry "SUI"]
[EventCategory "9"]

1. d4 d5 2. c4 c6 3. Nf3 Nf6 4. Nc3 dxc4 5. a4 Bf5 6. Ne5 Nbd7 7. Nxc4 Qc7 8. g3 e5 9. dxe5 Nxe5 10. Bf4 Nfd7 11. Bg2 f6 12. O-O Nc5 13. e4 Bg6 14. Bxe5 fxe5 15. f4 Rd8 16. Qg4 exf4 17. gxf4 Nd3 18. Kh1 Bc5 19. e5 O-O 20. f5 Rxf5 21. Rxf5 Bxf5 22. Qxf5 Nf2+ 23. Kg1 Ng4+ 24. Kh1 Nf2+ 1/2-1/2

[Event "Biel"]
[Site "Biel SUI"]
[Date "1998.??.??"]
[Round "1"]
[White "Hickl, Joerg"]
[Black "Gallagher, Joseph G"]
[Result "1/2-1/2"]
[WhiteElo "2555"]
[BlackElo "2490"]
[PlyCount "34"]
[EventDate "1998.??.??"]
[EventType "tourn"]
[EventRounds "11"]
[EventCountry "SUI"]
[EventCategory "9"]

1. e4 c5 2. Nc3 Nc6 3. f4 g6 4. Nf3 Bg7 5. Bb5 Nd4 6. O-O Nxb5 7. Nxb5 d5 8. e5 Nh6 9. d4 cxd4 10. Qxd4 O-O 11. Kh1 Bf5 12. Qf2 f6 13. Nbd4 Bg4 14. Bd2 Qb6 15. exf6 exf6 16. Bc3 Rfe8 17. Rfe1 Nf7 1/2-1/2

[Event "Biel"]
[Site "Biel SUI"]
[Date "1998.??.??"]
[Round "1"]
[White "Mittelman, Gur"]
[Black "Palac, Mladen"]
[Result "1/2-1/2"]
[WhiteElo "2415"]
[BlackElo "2545"]
[PlyCount "26"]
[EventDate "1998.??.??"]
[EventType "tourn"]
[EventRounds "11"]
[EventCountry "SUI"]
[EventCategory "9"]

1. d4 Nf6 2. Nf3 e6 3. g3 c5 4. Bg2 cxd4 5. Nxd4 d5 6. O-O e5 7. Nb3 Be6 8. Nc3 Be7 9. Bg5 Nbd7 10. Qd2 Rc8 11. e3 e4 12. Bxf6 Nxf6 13. Ne2 O-O 1/2-1/2

[Event "Biel"]
[Site "Biel SUI"]
[Date "1998.??.??"]
[Round "1"]
[White "Peptan, Corina Isabela"]
[Black "Ekstroem, Roland"]
[Result "0-1"]
[WhiteElo "2410"]
[BlackElo "2490"]
[PlyCount "80"]
[EventDate "1998.??.??"]
[EventType "tourn"]
[EventRounds "11"]
[EventCountry "SUI"]
[EventCategory "9"]

1. e4 c6 2. d4 d5 3. Nd2 dxe4 4. Nxe4 Bf5 5. Ng3 Bg6 6. h4 h6 7. Bc4 e6 8. N1e2 Nf6 9. Nf4 Bh7 10. c3 Bd6 11. Nfh5 Rg8 12. Qf3 Nbd7 13. Bd2 Qe7 14. O-O-O O-O-O 15. Rhe1 Kb8 16. Nf4 Ka8 17. Bd3 Bxf4 18. Bxf4 Bxd3 19. Rxd3 Nd5 20. h5 Nxf4 21. Qxf4 Nf6 22. Qf3 Rd5 23. Re5 Qc7 24. Qe2 Rgd8 25. Rde3 c5 26. Rxd5 Nxd5 27. Re4 Nf6 28. dxc5 Nxe4 29. Nxe4 f5 30. Nd6 Qxc5 31. Nf7 Rf8 32. Qxe6 Qxf2 33. Qe7 Qf1+ 34. Kd2 Qxg2+ 35. Ke3 Qe4+ 36. Qxe4 fxe4 37. Nd6 Rf3+ 38. Kxe4 Rh3 39. Nf5 Rxh5 40. Nxg7 Rh2 0-1

[Event "Biel"]
[Site "Biel SUI"]
[Date "1998.??.??"]
[Round "2"]
[White "Ekstroem, Roland"]
[Black "Zueger, Beat"]
[Result "1/2-1/2"]
[WhiteElo "2490"]
[BlackElo "2445"]
[PlyCount "83"]
[EventDate "1998.??.??"]
[EventType "tourn"]
[EventRounds "11"]
[EventCountry "SUI"]
[EventCategory "9"]

1. g3 g6 2. Bg2 Bg7 3. d4 d6 4. e4 Nc6 5. d5 Ne5 6. f4 Nd7 7. Ne2 c6 8. O-O cxd5 9. exd5 Nh6 10. c3 Nf5 11. Na3 Qb6+ 12. Kh1 Nf6 13. Qb3 Bd7 14. Bd2 h5 15. Bf3 Qa6 16. Rae1 b6 17. Nc2 Rc8 18. Nb4 Qb7 19. c4 O-O 20. Bc3 a5 21. Nc6 Rxc6 22. dxc6 Bxc6 23. Nd4 Nxd4 24. Bxd4 Ne4 25. Qxb6 Nxg3+ 26. hxg3 Bxf3+ 27. Kh2 Bxd4 28. Qxd4 Bg4 29. Re3 Rc8 30. Rfe1 e6 31. b3 Qb4 32. Rc1 a4 33. Rc2 axb3 34. Rxb3 Qe1 35. Qxd6 Rxc4 36. Qd3 Rxc2+ 37. Qxc2 Bf5 38. Qb2 e5 39. Qxe5 Qf2+ 40. Kh1 Qf1+ 41. Kh2 Qf2+ 42. Kh1 1/2-1/2

[Event "Biel"]
[Site "Biel SUI"]
[Date "1998.??.??"]
[Round "2"]
[White "Gallagher, Joseph G"]
[Black "Jenni, Florian"]
[Result "1/2-1/2"]
[WhiteElo "2490"]
[BlackElo "2415"]
[PlyCount "126"]
[EventDate "1998.??.??"]
[EventType "tourn"]
[EventRounds "11"]
[EventCountry "SUI"]
[EventCategory "9"]

1. d4 Nf6 2. c4 g6 3. Nc3 Bg7 4. e4 d6 5. f3 O-O 6. Nge2 c5 7. d5 e6 8. Ng3 exd5 9. cxd5 a6 10. a4 h5 11. Be2 h4 12. Nf1 Nh7 13. Ne3 Re8 14. O-O Nd7 15. Kh1 Rb8 16. Bd2 Qe7 17. Qc2 Bd4 18. Rae1 Qf8 19. f4 Ndf6 20. Bf3 b5 21. axb5 axb5 22. Ncd1 Qh6 23. e5 Nh5 24. Ng4 Qg7 25. e6 f5 26. Ngf2 N7f6 27. Nh3 Bb7 28. Be3 Bxd5 29. Bxd4 cxd4 30. Bxd5 Nxd5 31. Qb3 Nhf6 32. Ng5 Qc7 33. Qh3 Kg7 34. Qxh4 Re7 35. Nf7 Rxf7 36. exf7 Kxf7 37. Nf2 Ne3 38. Nh3 Kg7 39. Ng5 Re8 40. Rc1 Qb7 41. Rf2 Rc8 42. Re1 Qd5 43. Rd2 Re8 44. Qg3 Qc4 45. Qf3 d5 46. Ra1 Re7 47. Qh3 d3 48. Qh4 d4 49. h3 Qd5 50. Rg1 b4 51. Rxd3 Qc4 52. Rd2 Qc5 53. Re1 b3 54. Nf3 Nc2 55. Rxe7+ Qxe7 56. Nxd4 Qe3 57. Nxf5+ gxf5 58. Rd8 Qc1+ 59. Kh2 Ne3 60. Qh8+ Kg6 61. Rg8+ Nxg8 62. Qxg8+ Kf6 63. Qf8+ Kg6 1/2-1/2

[Event "Biel"]
[Site "Biel SUI"]
[Date "1998.??.??"]
[Round "2"]
[White "Landenbergue, Claude"]
[Black "Peptan, Corina Isabela"]
[Result "0-1"]
[WhiteElo "2420"]
[BlackElo "2410"]
[PlyCount "88"]
[EventDate "1998.??.??"]
[EventType "tourn"]
[EventRounds "11"]
[EventCountry "SUI"]
[EventCategory "9"]

1. d4 Nf6 2. c4 e6 3. Nc3 Bb4 4. e3 O-O 5. Nge2 d5 6. a3 Be7 7. cxd5 exd5 8. g3 c6 9. Bg2 Bf5 10. O-O Re8 11. f3 c5 12. dxc5 Bxc5 13. Nd4 Bg6 14. Nce2 Nc6 15. Qd2 Na5 16. Rd1 Rc8 17. Re1 Nc4 18. Qd1 Rc7 19. Nf4 Rce7 20. b4 Bb6 21. Kf2 a5 22. Bf1 Rc7 23. Nxg6 hxg6 24. Ra2 axb4 25. axb4 Qe7 26. Bd2 Qe5 27. Bc1 Rce7 28. Rae2 g5 29. Bg2 g6 30. Qd3 Kg7 31. Nb3 Rh8 32. Kg1 g4 33. f4 Qh5 34. Bh1 Bxe3+ 35. Kf1 Bxc1 36. Rxe7 Qxh2 37. Bg2 Bb2 38. Nc5 Rh3 39. Ne6+ Kg8 40. Ng5 Rxg3 41. Qxg6+ fxg6 42. Bxd5+ Nxd5 43. Re8+ Kg7 44. Ne6+ Kh6 0-1

[Event "Biel"]
[Site "Biel SUI"]
[Date "1998.??.??"]
[Round "2"]
[White "Mittelman, Gur"]
[Black "Bagirov, Rufat"]
[Result "1/2-1/2"]
[WhiteElo "2415"]
[BlackElo "2325"]
[PlyCount "114"]
[EventDate "1998.??.??"]
[EventType "tourn"]
[EventRounds "11"]
[EventCountry "SUI"]
[EventCategory "9"]

1. d4 Nf6 2. Nf3 g6 3. g3 Bg7 4. Bg2 d5 5. c4 c6 6. Qb3 O-O 7. Nc3 dxc4 8. Qxc4 b5 9. Qb3 Be6 10. Qc2 b4 11. Na4 Bd5 12. Nc5 Bxf3 13. Bxf3 Qxd4 14. O-O Nfd7 15. Nb3 Qe5 16. a3 bxa3 17. Rxa3 Nb6 18. Na5 Nd5 19. Nxc6 Nxc6 20. Qxc6 e6 21. Ra5 Rac8 22. Qa4 Qd4 23. Qxd4 Bxd4 24. Bxd5 Bb6 25. Rb5 exd5 26. Rxd5 Rc2 27. Rd2 Rfc8 28. Rxc2 Rxc2 29. e3 Bd8 30. Rd1 Bf6 31. b3 Kg7 32. Ba3 Rc3 33. Rb1 a5 34. Bb2 Rc2 35. Bd4 h5 36. Kf1 Bxd4 37. exd4 Rd2 38. Ra1 Rd3 39. Ra3 Kf6 40. Ke2 Rc3 41. h4 a4 42. Rxa4 Rxb3 43. Ra2 Ke6 44. Rd2 Kd5 45. Rd3 Rb6 46. f3 Re6+ 47. Kf2 f5 48. Kg2 Re2+ 49. Kh3 Re6 50. Rd2 Re3 51. Kg2 Re7 52. Ra2 Kxd4 53. Ra6 Re2+ 54. Kh3 Ke3 55. Rxg6 Kxf3 56. Rg5 f4 57. Rf5 Re4 1/2-1/2

[Event "Biel"]
[Site "Biel SUI"]
[Date "1998.??.??"]
[Round "2"]
[White "Palac, Mladen"]
[Black "Marciano, David"]
[Result "1-0"]
[WhiteElo "2545"]
[BlackElo "2485"]
[PlyCount "60"]
[EventDate "1998.??.??"]
[EventType "tourn"]
[EventRounds "11"]
[EventCountry "SUI"]
[EventCategory "9"]

1. e4 e5 2. Nf3 Nc6 3. d4 exd4 4. Nxd4 Nf6 5. Nxc6 bxc6 6. e5 Qe7 7. Qe2 Nd5 8. c4 Nb6 9. b3 a5 10. Bb2 a4 11. Nd2 axb3 12. axb3 Rxa1+ 13. Bxa1 Qa3 14. Qd1 Bb4 15. Bd3 Qa5 16. Ke2 d5 17. Qc2 Be6 18. Bd4 dxc4 19. bxc4 Bxd2 20. Ra1 Qb4 21. Qxd2 Qxd2+ 22. Kxd2 Kd7 23. Bxb6 cxb6 24. Ra7+ Kd8 25. Ra8+ Bc8 26. Bf5 Kc7 27. Bxc8 Re8 28. f4 g5 29. g3 gxf4 30. gxf4 f6 1-0

[Event "Biel"]
[Site "Biel SUI"]
[Date "1998.??.??"]
[Round "3"]
[White "Hickl, Joerg"]
[Black "Mittelman, Gur"]
[Result "0-1"]
[WhiteElo "2555"]
[BlackElo "2415"]
[PlyCount "94"]
[EventDate "1998.??.??"]
[EventType "tourn"]
[EventRounds "11"]
[EventCountry "SUI"]
[EventCategory "9"]

1. g3 Nf6 2. Bg2 d5 3. Nf3 c6 4. b3 Bg4 5. Bb2 Nbd7 6. O-O e6 7. c4 Be7 8. d3 O-O 9. Nbd2 Re8 10. a3 Bd6 11. b4 a5 12. c5 Bc7 13. Qc2 Qb8 14. Rfc1 Ne5 15. Nd4 Ng6 16. e4 e5 17. N4f3 Bd7 18. Re1 Qc8 19. Nf1 Bh3 20. Bh1 h6 21. N3d2 Qd7 22. Nb3 Be6 23. Ne3 Nh7 24. b5 a4 25. Nd2 Ba5 26. exd5 cxd5 27. Rec1 Rec8 28. Nf3 d4 29. Nc4 Rxc5 30. Qxa4 Qxb5 31. Qc2 Rac8 32. a4 Qa6 33. Ba3 R5c7 34. Nfd2 Nf6 35. Rcb1 Bc3 36. Rb6 Qa7 37. Rab1 Bxd2 38. Rxb7 Rxb7 39. Rxb7 Qa6 40. Qxd2 Bxc4 41. dxc4 Qxa4 42. Bb2 Qxc4 43. Bg2 Qc2 44. Qxc2 Rxc2 45. Bf1 Ng4 46. f4 exf4 47. gxf4 Nxf4 0-1

[Event "Biel"]
[Site "Biel SUI"]
[Date "1998.??.??"]
[Round "3"]
[White "Marciano, David"]
[Black "Ekstroem, Roland"]
[Result "1/2-1/2"]
[WhiteElo "2485"]
[BlackElo "2490"]
[PlyCount "88"]
[EventDate "1998.??.??"]
[EventType "tourn"]
[EventRounds "11"]
[EventCountry "SUI"]
[EventCategory "9"]

1. e4 c5 2. Nf3 Nc6 3. d4 cxd4 4. Nxd4 g6 5. c4 Nf6 6. Nc3 d6 7. Be2 Nxd4 8. Qxd4 Bg7 9. Be3 O-O 10. Qd2 Be6 11. f3 Qa5 12. Rc1 Rfc8 13. b3 a6 14. Na4 Qxd2+ 15. Kxd2 Nd7 16. g4 f5 17. exf5 gxf5 18. h3 Rf8 19. f4 Rad8 20. Nc3 d5 21. cxd5 Nf6 22. Kc2 Nxd5 23. Nxd5 Bxd5 24. Bc4 Bxc4 25. bxc4 Bd4 26. Rce1 fxg4 27. hxg4 Bxe3 28. Rxe3 Rxf4 29. Rxe7 Rxc4+ 30. Kb3 b5 31. Rexh7 Rd3+ 32. Kb2 Rd2+ 33. Kb3 Ra4 34. Rh8+ Kg7 35. R1h7+ Kg6 36. Rh2 Rd3+ 37. Kb2 Rda3 38. Kb1 Rg3 39. Rc8 Rgxg4 40. Rg8+ Kf7 41. Rxg4 Rxg4 42. Rh6 Rg6 43. Rxg6 Kxg6 44. a4 bxa4 1/2-1/2

[Event "Biel"]
[Site "Biel SUI"]
[Date "1998.??.??"]
[Round "4"]
[White "Bagirov, Rufat"]
[Black "Hickl, Joerg"]
[Result "0-1"]
[WhiteElo "2325"]
[BlackElo "2555"]
[PlyCount "96"]
[EventDate "1998.??.??"]
[EventType "tourn"]
[EventRounds "11"]
[EventCountry "SUI"]
[EventCategory "9"]

1. d4 d6 2. e4 g6 3. c4 e5 4. dxe5 dxe5 5. Qxd8+ Kxd8 6. Nc3 Be6 7. f4 Nd7 8. Nf3 Bd6 9. fxe5 Nxe5 10. Nd5 c6 11. Bg5+ Kc8 12. Ne3 h6 13. Bh4 Nd7 14. Bd3 Ngf6 15. O-O g5 16. Bf2 Ne5 17. Nxe5 Bxe5 18. c5 Rd8 19. Rad1 Kc7 20. b3 b6 21. cxb6+ axb6 22. Bb1 b5 23. h3 Nh5 24. Nf5 Nf4 25. Rxd8 Rxd8 26. Be3 h5 27. h4 f6 28. Kf2 gxh4 29. Nxh4 Rg8 30. Rg1 Rg4 31. Nf3 h4 32. Bc2 Bd6 33. a4 h3 34. axb5 cxb5 35. Nd4 Bd7 36. Bd1 Nd3+ 37. Ke2 h2 38. Rh1 Nc5 39. Bc2 Rxg2+ 40. Kf3 Rg3+ 41. Kf2 Rg4 42. Kf3 Rh4 43. b4 Na4 44. Bd3 Rh3+ 45. Kf2 Nc3 46. Ne2 Nxe2 47. Bxe2 Bc6 48. Bg4 Rh4 0-1

[Event "Biel"]
[Site "Biel SUI"]
[Date "1998.??.??"]
[Round "4"]
[White "Gallagher, Joseph G"]
[Black "Zueger, Beat"]
[Result "0-1"]
[WhiteElo "2490"]
[BlackElo "2445"]
[PlyCount "78"]
[EventDate "1998.??.??"]
[EventType "tourn"]
[EventRounds "11"]
[EventCountry "SUI"]
[EventCategory "9"]

1. e4 e6 2. d4 d5 3. Nc3 Nf6 4. e5 Nfd7 5. f4 c5 6. Nf3 Nc6 7. Be3 cxd4 8. Nxd4 Qb6 9. Qd2 Qxb2 10. Rb1 Qa3 11. Bb5 Nxd4 12. Bxd4 Bb4 13. O-O O-O 14. Rb3 Qa5 15. Qe3 Nb6 16. f5 exf5 17. e6 fxe6 18. Bxg7 Kxg7 19. Qd4+ Rf6 20. Rxb4 Nc4 21. Rxf5 e5 22. Rg5+ Kh8 23. Rxe5 Nxe5 24. Qxe5 Qb6+ 25. Rd4 Qe6 26. Rxd5 Qxe5 27. Rxe5 Bf5 28. Nd5 Rf7 29. Ne3 Bg6 30. h4 Rc7 31. Ba4 Rd8 32. h5 Bf7 33. a3 Rc3 34. Re7 Bxh5 35. Bb3 Re8 36. Rxe8+ Bxe8 37. Nd5 Rc5 38. Nf6 Bg6 39. Nd7 Rc7 0-1

[Event "Biel"]
[Site "Biel SUI"]
[Date "1998.??.??"]
[Round "4"]
[White "Landenbergue, Claude"]
[Black "Marciano, David"]
[Result "1/2-1/2"]
[WhiteElo "2420"]
[BlackElo "2485"]
[PlyCount "27"]
[EventDate "1998.??.??"]
[EventType "tourn"]
[EventRounds "11"]
[EventCountry "SUI"]
[EventCategory "9"]

1. e4 e5 2. Nf3 Nf6 3. d4 Nxe4 4. Bd3 d5 5. Nxe5 Nd7 6. Nxd7 Bxd7 7. O-O Bd6 8. c4 c6 9. cxd5 cxd5 10. Nc3 Nxc3 11. bxc3 O-O 12. Qf3 Be6 13. Re1 Rc8 14. Bd2 1/2-1/2

[Event "Biel"]
[Site "Biel SUI"]
[Date "1998.??.??"]
[Round "4"]
[White "Palac, Mladen"]
[Black "Ekstroem, Roland"]
[Result "1/2-1/2"]
[WhiteElo "2545"]
[BlackElo "2490"]
[PlyCount "25"]
[EventDate "1998.??.??"]
[EventType "tourn"]
[EventRounds "11"]
[EventCountry "SUI"]
[EventCategory "9"]

1. e4 Nc6 2. Nf3 e5 3. d4 exd4 4. Nxd4 Nf6 5. Nxc6 bxc6 6. e5 Qe7 7. Qe2 Nd5 8. c4 Nb6 9. b3 a5 10. a4 Qe6 11. Bb2 Bb4+ 12. Nc3 O-O 13. O-O-O 1/2-1/2

[Event "Biel"]
[Site "Biel SUI"]
[Date "1998.??.??"]
[Round "4"]
[White "Pelletier, Yannick"]
[Black "Peptan, Corina Isabela"]
[Result "1/2-1/2"]
[WhiteElo "2515"]
[BlackElo "2410"]
[PlyCount "33"]
[EventDate "1998.??.??"]
[EventType "tourn"]
[EventRounds "11"]
[EventCountry "SUI"]
[EventCategory "9"]

1. d4 Nf6 2. c4 e6 3. Nc3 Bb4 4. Qc2 O-O 5. a3 Bxc3+ 6. Qxc3 b6 7. Bg5 Bb7 8. e3 d6 9. f3 Nbd7 10. Nh3 h6 11. Bh4 c5 12. dxc5 Nxc5 13. O-O-O d5 14. Kb1 Rc8 15. Rg1 Ncd7 16. Bxf6 Qxf6 17. Qxf6 1/2-1/2

[Event "Biel"]
[Site "Biel SUI"]
[Date "1998.??.??"]
[Round "5"]
[White "Ekstroem, Roland"]
[Black "Landenbergue, Claude"]
[Result "1/2-1/2"]
[WhiteElo "2490"]
[BlackElo "2420"]
[PlyCount "29"]
[EventDate "1998.??.??"]
[EventType "tourn"]
[EventRounds "11"]
[EventCountry "SUI"]
[EventCategory "9"]

1. d4 Nf6 2. Nf3 g6 3. Nc3 d5 4. Bf4 Bg7 5. e3 Bg4 6. Be2 Bxf3 7. Bxf3 c6 8. O-O O-O 9. Re1 Nbd7 10. Rb1 Re8 11. e4 dxe4 12. Nxe4 Nxe4 13. Bxe4 e5 14. dxe5 Bxe5 15. Bxe5 1/2-1/2

[Event "Biel"]
[Site "Biel SUI"]
[Date "1998.??.??"]
[Round "5"]
[White "Hickl, Joerg"]
[Black "Palac, Mladen"]
[Result "0-1"]
[WhiteElo "2555"]
[BlackElo "2545"]
[PlyCount "118"]
[EventDate "1998.??.??"]
[EventType "tourn"]
[EventRounds "11"]
[EventCountry "SUI"]
[EventCategory "9"]

1. c4 Nf6 2. g3 e5 3. Bg2 d5 4. cxd5 Nxd5 5. Nc3 Nb6 6. b3 Be7 7. Bb2 O-O 8. Nf3 Nc6 9. O-O Re8 10. d3 Bg4 11. a3 Bf8 12. h3 Be6 13. Kh2 f6 14. Nd2 Nd5 15. Rc1 Nxc3 16. Rxc3 Bd5 17. Bxd5+ Qxd5 18. Rc4 a5 19. Qc2 Rad8 20. Nf3 f5 21. Nh4 Nd4 22. Bxd4 exd4 23. b4 axb4 24. axb4 b5 25. Rxc7 Bxb4 26. Nxf5 Qxf5 27. Qb3+ Kh8 28. Qxb4 Rxe2 29. Kg1 h6 30. Rc5 Qxd3 31. Qxb5 Qxb5 32. Rxb5 d3 33. Rd1 d2 34. Kf1 Rde8 35. Rbb1 Kh7 36. Ra1 R8e6 37. Rab1 Kg8 38. Ra1 Kf7 39. Rab1 Ke7 40. g4 g5 41. Ra1 Kd7 42. Rdb1 R6e4 43. Kg2 Re1 44. Rd1 Kc6 45. f3 Re8 46. Kf2 R1e2+ 47. Kg3 Rd8 48. Ra2 Rd3 49. h4 Kc5 50. hxg5 hxg5 51. Rc2+ Kd4 52. Ra2 Kc3 53. Ra5 Re1 54. Rxd2 Kxd2 55. Rxg5 Ree3 56. Rf5 Ke2 57. g5 Rd1 58. Kg4 Rg1+ 59. Kh5 Rxf3 0-1

[Event "Biel"]
[Site "Biel SUI"]
[Date "1998.??.??"]
[Round "5"]
[White "Jenni, Florian"]
[Black "Bagirov, Rufat"]
[Result "1-0"]
[WhiteElo "2415"]
[BlackElo "2325"]
[PlyCount "77"]
[EventDate "1998.??.??"]
[EventType "tourn"]
[EventRounds "11"]
[EventCountry "SUI"]
[EventCategory "9"]

1. e4 Nf6 2. e5 Nd5 3. d4 d6 4. Nf3 Bg4 5. Be2 e6 6. O-O Be7 7. h3 Bh5 8. c4 Nb6 9. Nc3 O-O 10. Be3 d5 11. c5 Bxf3 12. gxf3 Nc8 13. f4 Nc6 14. b4 Bh4 15. Kh2 N8e7 16. b5 Na5 17. c6 bxc6 18. Qa4 Nc4 19. Bxc4 dxc4 20. bxc6 Qe8 21. Qxc4 Qxc6 22. Qxc6 Nxc6 23. d5 Ne7 24. Rfd1 Rfd8 25. dxe6 fxe6 26. Rxd8+ Rxd8 27. Bxa7 Rd2 28. Ne4 Rb2 29. a4 Nc6 30. Be3 Nb4 31. Nc3 Bxf2 32. Nd1 Bxe3+ 33. Nxb2 Bxf4+ 34. Kg2 Bxe5 35. Rb1 Kf7 36. Nc4 Bc3 37. Rb3 Nd5 38. a5 Bd4 39. a6 1-0

[Event "Biel"]
[Site "Biel SUI"]
[Date "1998.??.??"]
[Round "5"]
[White "Peptan, Corina Isabela"]
[Black "Mittelman, Gur"]
[Result "0-1"]
[WhiteElo "2410"]
[BlackElo "2415"]
[PlyCount "162"]
[EventDate "1998.??.??"]
[EventType "tourn"]
[EventRounds "11"]
[EventCountry "SUI"]
[EventCategory "9"]

1. e4 c6 2. d4 d5 3. Nd2 dxe4 4. Nxe4 Bf5 5. Nc5 Qb6 6. Nf3 e6 7. Nb3 Nd7 8. Bd3 Bxd3 9. Qxd3 Ngf6 10. O-O Be7 11. Bf4 O-O 12. c4 c5 13. d5 exd5 14. cxd5 Bd6 15. Be3 Qb4 16. Rac1 b5 17. a3 Qe4 18. Qxe4 Nxe4 19. Na5 Rfe8 20. Rfd1 Rac8 21. Nd2 Nxd2 22. Rxd2 a6 23. Nb7 Bf8 24. Bf4 c4 25. Kf1 f6 26. f3 Ra8 27. Rcc2 Ra7 28. Na5 Nc5 29. Bg3 Rd7 30. Nc6 Nd3 31. Nb8 Rxd5 32. Nxa6 Bd6 33. Re2 Rxe2 34. Rxe2 Bxg3 35. hxg3 Kf7 36. Nc7 Rc5 37. Ne6 Rd5 38. Nc7 Rh5 39. Kg1 Rc5 40. Ne6 Rd5 41. Nc7 Rc5 42. Ne6 Re5 43. Rxe5 fxe5 44. Nc7 b4 45. axb4 Nxb4 46. Nb5 Ke6 47. Kf2 Nd3+ 48. Ke3 Nxb2 49. Nc3 h5 50. Ke4 Nd3 51. Ke3 Nc5 52. Ke2 Nd7 53. f4 Nf6 54. Nb5 Nd5 55. Na3 c3 56. fxe5 Kxe5 57. Kd3 g5 58. Nc2 Kf5 59. Nd4+ Kg4 60. Ne2 Nf6 61. Kxc3 Ne4+ 62. Kd3 Nxg3 63. Nc3 Nf5 64. Ke2 Kg3 65. Kf1 Kh2 66. Kf2 g4 67. Ne2 g3+ 68. Kf3 Nh4+ 69. Kf4 Nxg2+ 70. Kg5 h4 71. Kg4 Ne3+ 72. Kxh4 g2 73. Kg5 Nd5 74. Kh4 Nf4 75. Nd4 Ng6+ 76. Kh5 Ne5 77. Ne2 Nf3 78. Kh6 Kh1 79. Ng3+ Kg1 80. Ne2+ Kf1 81. Ng3+ Ke1 0-1

[Event "Biel"]
[Site "Biel SUI"]
[Date "1998.??.??"]
[Round "6"]
[White "Gallagher, Joseph G"]
[Black "Ekstroem, Roland"]
[Result "1-0"]
[WhiteElo "2490"]
[BlackElo "2490"]
[PlyCount "105"]
[EventDate "1998.??.??"]
[EventType "tourn"]
[EventRounds "11"]
[EventCountry "SUI"]
[EventCategory "9"]

1. e4 e5 2. Nf3 Nc6 3. Nc3 Nf6 4. Bb5 Bb4 5. O-O O-O 6. d3 d6 7. Bg5 Bxc3 8. bxc3 Bd7 9. Rb1 h6 10. Bh4 a6 11. Ba4 Rb8 12. Bb3 Qe7 13. Qc1 Na5 14. Re1 Rbd8 15. d4 Nxb3 16. axb3 Bg4 17. Nd2 g5 18. Bg3 Nh5 19. Nc4 Nf4 20. f3 Be6 21. Ne3 Kh7 22. Qa3 f6 23. c4 Rf7 24. Rbd1 Rg8 25. c5 dxc5 26. Qxc5 Qxc5 27. dxc5 Kg6 28. Rd2 Rd7 29. Rxd7 Bxd7 30. Bxf4 gxf4 31. Nd5 Kf7 32. Rd1 Bh3 33. Rd2 c6 34. Nb6 Be6 35. Kf2 Ke7 36. g3 h5 37. Rd1 f5 38. exf5 Bxf5 39. b4 Bxc2 40. Rd7+ Ke6 41. Rxb7 Rd8 42. gxf4 exf4 43. Rc7 Rd2+ 44. Ke1 Rxh2 45. Rxc6+ Ke5 46. Rd6 Bb3 47. Nd7+ Kf5 48. c6 Rh1+ 49. Kf2 Rc1 50. Nc5 Rc2+ 51. Ke1 Rc1+ 52. Ke2 Be6 53. c7 1-0

[Event "Biel"]
[Site "Biel SUI"]
[Date "1998.??.??"]
[Round "6"]
[White "Hickl, Joerg"]
[Black "Jenni, Florian"]
[Result "1-0"]
[WhiteElo "2555"]
[BlackElo "2415"]
[PlyCount "81"]
[EventDate "1998.??.??"]
[EventType "tourn"]
[EventRounds "11"]
[EventCountry "SUI"]
[EventCategory "9"]

1. e4 e5 2. Nf3 Nc6 3. Bb5 a6 4. Ba4 Nf6 5. O-O Be7 6. Bxc6 dxc6 7. Qe1 Nd7 8. b3 O-O 9. Bb2 Bf6 10. a4 b6 11. Na3 Bb7 12. Nc4 c5 13. d3 Qe7 14. Qe2 g6 15. Rae1 Rae8 16. Nfd2 Nb8 17. Ne3 Bg5 18. Ndc4 Nc6 19. Ng4 Nd4 20. Bxd4 cxd4 21. Ngxe5 b5 22. axb5 axb5 23. Na5 Qxe5 24. Nxb7 b4 25. Ra1 Ra8 26. Qg4 Qb5 27. Qg3 Qxb7 28. Qxg5 Qc6 29. Qd2 Qb5 30. f4 Ra3 31. f5 Qc5 32. Rac1 Rfa8 33. h4 R8a6 34. Qg5 Qd6 35. e5 f6 36. exf6 Qxf6 37. Qg4 Ra8 38. fxg6 Qxg6 39. Qxd4 Qb6 40. Qxb6 cxb6 41. Rf4 1-0

[Event "Biel"]
[Site "Biel SUI"]
[Date "1998.??.??"]
[Round "6"]
[White "Mittelman, Gur"]
[Black "Zueger, Beat"]
[Result "1-0"]
[WhiteElo "2415"]
[BlackElo "2445"]
[PlyCount "67"]
[EventDate "1998.??.??"]
[EventType "tourn"]
[EventRounds "11"]
[EventCountry "SUI"]
[EventCategory "9"]

1. d4 Nf6 2. Nf3 g6 3. g3 Bg7 4. Bg2 O-O 5. O-O d6 6. c4 a6 7. Nc3 c6 8. e4 Bg4 9. h3 Bxf3 10. Bxf3 Nfd7 11. h4 Qb6 12. d5 Qb4 13. Be2 Bxc3 14. bxc3 Qxc3 15. Rb1 Nc5 16. Bb2 Qa5 17. h5 Nbd7 18. hxg6 hxg6 19. Qc1 f6 20. Qh6 Rf7 21. Qxg6+ Rg7 22. Qf5 Qd2 23. Rfe1 Ne5 24. Ba3 Ncd3 25. Bxd3 Qxd3 26. Rb3 Qd2 27. Rbe3 Rg5 28. Qe6+ Kf8 29. Bxd6 exd6 30. Qxf6+ Nf7 31. e5 dxe5 32. Rxe5 Rxe5 33. Rxe5 Re8 34. Rf5 1-0

[Event "Biel"]
[Site "Biel SUI"]
[Date "1998.??.??"]
[Round "6"]
[White "Palac, Mladen"]
[Black "Landenbergue, Claude"]
[Result "1-0"]
[WhiteElo "2545"]
[BlackElo "2420"]
[PlyCount "67"]
[EventDate "1998.??.??"]
[EventType "tourn"]
[EventRounds "11"]
[EventCountry "SUI"]
[EventCategory "9"]

1. e4 c5 2. Nf3 d6 3. d4 cxd4 4. Nxd4 Nf6 5. Nc3 Nc6 6. Bg5 e6 7. Qd2 a6 8. O-O-O Bd7 9. f4 h6 10. Bh4 Nxe4 11. Qe1 Nf6 12. Nf5 Qa5 13. Nxd6+ Bxd6 14. Rxd6 O-O-O 15. Rd1 Qc7 16. g3 Ne7 17. Bd3 Bc6 18. Rf1 Ned5 19. Ne4 Rd7 20. Nxf6 Nxf6 21. Qc3 Ne8 22. g4 Bd5 23. Qxc7+ Rxc7 24. f5 Rc6 25. b3 Nd6 26. Kb2 exf5 27. gxf5 Be4 28. Bxe4 Nxe4 29. Rfe1 Rd6 30. Rxd6 Nxd6 31. Re5 Re8 32. Rc5+ Kb8 33. Bg3 Rd8 34. c4 1-0

[Event "Biel"]
[Site "Biel SUI"]
[Date "1998.??.??"]
[Round "6"]
[White "Pelletier, Yannick"]
[Black "Marciano, David"]
[Result "1/2-1/2"]
[WhiteElo "2515"]
[BlackElo "2485"]
[PlyCount "55"]
[EventDate "1998.??.??"]
[EventType "tourn"]
[EventRounds "11"]
[EventCountry "SUI"]
[EventCategory "9"]

1. c4 e6 2. g3 d5 3. Bg2 Nf6 4. Nf3 dxc4 5. Qa4+ Nbd7 6. Qxc4 c5 7. d3 a6 8. Qb3 Bd6 9. a4 O-O 10. a5 Bc7 11. Qa3 Nd5 12. Bd2 Bd6 13. O-O Nb8 14. Nc3 c4 15. Qa2 cxd3 16. Nxd5 dxe2 17. Rfe1 exd5 18. Qxd5 Nc6 19. Ra4 Be7 20. Qxd8 Rxd8 21. Rxe2 Be6 22. Bc3 Rd1+ 23. Re1 Rad8 24. Rae4 Rxe1+ 25. Rxe1 Bd5 26. Ne5 Bxg2 27. Nxc6 Bxc6 28. Rxe7 1/2-1/2